00763nam a2200205Ia 4500003000900000008004100009040001300050040001300063041000800076100001700084245002700101250001100128260001400139300001200153490000600165600016500171942000700336999001700343952019700360IT-RoPAU120407s9999 xx 000 0 und d aIT-RoPAU cIT-RoPAU afra aAndré Gide aLa symphonie pastorale aParis  aGallimard c18,5 cm v1 a"11. La symphonie pastorale 12. Thésée 13 Le voyage d’Urien 14.André Gide et notre temps 15. Paul Claudel et André Gide: Correspondence 1899 - 1926." cBK c17267d17267 00102ddc406840_00000000000000071aPAULUSbPAULUSd2012-04-11l0o840.0r2012-04-11 00:00:00w2012-04-11yBKzInserito da: Anna In data: 12 settembre 2011 fondo: Via A.Severo 56 Progr:22042